<?xml version="1.0" encoding="UTF-8"?>
<record
    xmlns:xsi="http://www.w3.org/2001/XMLSchema-instance"
    xsi:schemaLocation="http://www.loc.gov/MARC21/slim http://www.loc.gov/standards/marcxml/schema/MARC21slim.xsd"
    xmlns="http://www.loc.gov/MARC21/slim">

  <leader>00728cam a2200205Ia 4500</leader>
  <datafield tag="020" ind1=" " ind2=" ">
    <subfield code="a">0333726170 (Macmillan)</subfield>
  </datafield>
  <datafield tag="020" ind1=" " ind2=" ">
    <subfield code="a">0389210234 (Barnes &amp; Noble)</subfield>
  </datafield>
  <datafield tag="020" ind1=" " ind2=" ">
    <subfield code="a">9712201295 (IRRI)</subfield>
  </datafield>
  <datafield tag="040" ind1=" " ind2=" ">
    <subfield code="c">EUN</subfield>
  </datafield>
  <datafield tag="082" ind1="0" ind2="4">
    <subfield code="a">307 BAR 2000 A019 Or.</subfield>
  </datafield>
  <datafield tag="100" ind1="1" ind2=" ">
    <subfield code="a">Hayami, Y&#xBF;&#xB1;jir&#xBF;&#x200D;,</subfield>
  </datafield>
  <datafield tag="245" ind1="1" ind2="2">
    <subfield code="a">A rice village saga :</subfield>
    <subfield code="b">three decades of Green Revolution in the Philippines /</subfield>
  </datafield>
  <datafield tag="260" ind1=" " ind2=" ">
    <subfield code="a">Basingstoke, England :</subfield>
    <subfield code="b">Macmillan ;</subfield>
    <subfield code="a">Lanham, Md. :</subfield>
    <subfield code="b">Barnes &amp; Noble ; in association with International Rice Research Institute,</subfield>
    <subfield code="c">2000</subfield>
  </datafield>
  <datafield tag="300" ind1=" " ind2=" ">
    <subfield code="a">xviii, 274 p. :</subfield>
    <subfield code="b">ill., maps ;</subfield>
    <subfield code="c">23 cm</subfield>
  </datafield>
  <datafield tag="650" ind1=" " ind2="0">
    <subfield code="a">Green Revolution</subfield>
  </datafield>
  <datafield tag="650" ind1=" " ind2="0">
    <subfield code="a">Agricultural innovations</subfield>
  </datafield>
  <datafield tag="650" ind1=" " ind2="0">
    <subfield code="a">Agriculture and state</subfield>
  </datafield>
  <datafield tag="700" ind1="1" ind2=" ">
    <subfield code="a">Kikuchi, Masao</subfield>
  </datafield>
  <datafield tag="942" ind1=" " ind2=" ">
    <subfield code="c">EK</subfield>
  </datafield>
  <datafield tag="999" ind1=" " ind2=" ">
    <subfield code="c">12237</subfield>
    <subfield code="d">12237</subfield>
  </datafield>
  <datafield tag="952" ind1=" " ind2=" ">
    <subfield code="0">0</subfield>
    <subfield code="1">0</subfield>
    <subfield code="4">0</subfield>
    <subfield code="6">307_000000000000000_BAR_2000_A019_OR</subfield>
    <subfield code="7">0</subfield>
    <subfield code="9">61632</subfield>
    <subfield code="a">LBA</subfield>
    <subfield code="b">LBA</subfield>
    <subfield code="c">A019</subfield>
    <subfield code="d">2017-08-11</subfield>
    <subfield code="o">307 BAR 2000 A019 Or.</subfield>
    <subfield code="p">A20791</subfield>
    <subfield code="r">2017-08-11</subfield>
    <subfield code="w">2017-08-11</subfield>
    <subfield code="y">EK</subfield>
  </datafield>
</record>
